|
|
|
|
| LEADER |
01642nam a2200373 i 4500 |
| 001 |
41472 |
| 003 |
BD-DhAAL |
| 005 |
20231004105516.0 |
| 008 |
231004t2017 bg b 000 0 eng d |
| 010 |
|
|
|a 2019315569
|
| 020 |
|
|
|a 9781909890404
|
| 025 |
|
|
|a B-E-2019315569 ; 22-92
|
| 037 |
|
|
|b Library of Congress -- New Delhi Overseas Office
|
| 040 |
|
|
|a DLC
|b eng
|e rda
|c DLC
|d DLC
|d BD-DhAAL
|
| 042 |
|
|
|a lcode
|a pcc
|
| 043 |
|
|
|a a-bg---
|
| 050 |
0 |
0 |
|a HC440.8.Z7
|b .G745 2017
|
| 082 |
|
|
|a 338.95492
|2 23
|
| 100 |
1 |
|
|a Lewis, David,
|e author.
|
| 245 |
1 |
0 |
|a Revisiting the local power structure in Bangladesh :
|b economic gain, political pain? /
|c David Lewis and Abul Hossain.
|
| 264 |
|
1 |
|a Dhaka :
|b Embassy of Sweden,
|c 2017.
|
| 300 |
|
|
|a 129 pages ;
|c 24 cm.
|
| 504 |
|
|
|a Includes bibliographical references (pages 116-119).
|
| 541 |
|
|
|a Donated By Akbar Ali Khan
|e 41472
|
| 650 |
|
0 |
|a Economic development
|x Political aspects
|z Bangladesh
|z Greater Faridpur District.
|9 55652
|
| 651 |
|
0 |
|a Greater Faridpur District (Bangladesh)
|x Politics and government.
|9 55653
|
| 700 |
1 |
|
|a Hossain, Abul,
|e author.
|9 46870
|
| 710 |
1 |
|
|a Bangladesh.
|b Embassy (Sweden),
|e publisher.
|9 55654
|
| 710 |
2 |
|
|a Sweden.
|b Styrelsen för internationellt utvecklingssamarbete,
|e sponsor.
|9 55655
|
| 710 |
2 |
|
|a London School of Economics and Political Science,
|e sponsor.
|9 55656
|
| 852 |
|
|
|a Ayesha Abed Library
|c Akbar Ali Khan Collection
|
| 942 |
|
|
|2 ddc
|c BK
|
| 999 |
|
|
|c 46203
|d 46203
|
| 952 |
|
|
|0 0
|1 0
|2 ddc
|4 0
|6 338_954920000000000_LEW
|7 1
|9 74512
|a BRACUL
|b BRACUL
|c AAKC
|d 2023-10-04
|e Donated By Akbar Ali Khan
|l 0
|o 338.95492 LEW
|p 3010041472
|r 2023-10-04
|t 1
|w 2023-10-04
|y BK
|